Normal view MARC view

Entry Nombre personal

Number of records used in: 12

001 - NÚMERO DE CONTROL

  • campo de control: 56347

003 - IDENTIFICADOR DE NÚMERO DE CONTROL

  • campo de control: SpMaBN

005 - FECHA Y HORA DE LA ÚLTIMA TRANSACCIÓN

  • campo de control: 20250723025332.0

008 - ELEMENTOS DE DATO DE LONGITUD-FIJA

  • campo de control de longitud fija: 900703nn ainnnaabn n aac

016 ## - NÚMERO DE CONTROL DE UNA AGENCIA BIBLIOGRÁFICA NACIONAL

  • Número de control del registro: BNE20002059848

040 ## - FUENTE DE CATALOGACIÓN

  • Centro catalogador/agencia de origen: SpMaBN
  • Lengua de catalogación: spa
  • Centro/agencia transcriptor: SpMaBN
  • Normas de descripción: rdc
  • Convención/Normas de encabezamiento de materia/tesauro: embne

046 ## - FECHAS CON CODIFICACIÓN ESPECIAL

  • Fecha de nacimiento: 1713
  • Fecha de la muerte: 1769

100 1# - ENCABEZAMIENTO-NOMBRE DE PERSONA

  • Nombre de persona: Genovesi, Antonio,
  • Fechas asociadas al nombre: 1713-1769

375 ## - GÉNERO/SEXO

  • Género: Masculino

670 ## - FUENTE DE DATOS ENCONTRADOS

  • Cita de la fuente: Lezioni di economia civile, ed opuscoli, 1852
  • Información encontrada: port. (Antonio Genovesi)

670 ## - FUENTE DE DATOS ENCONTRADOS

  • Cita de la fuente: WWW ICCU, bibliot. ita. 29-6-2006
  • Información encontrada: (Genovesi , Antonio <1713-1769>)